000 00964 a2200241 4500
001 110497
020 _a9788574120362
041 _apor
082 _a028.5
100 _aHarrison, Troon.
300 _a32 p.
520 _aEra uma vez um garoto chamado Zacarias que queria porque queria ganhar um cachorro peludão com olhos da cor de chocolate. E tanto queria, que vivia sonhando com o tal cachorro, até que, numa noite, acordou e lá fora encontrou o Apanhador de Sonhos. Daí Daí, rola a história.
521 _aYear 4
697 _aFantasia.
697 _aLiteratura infanto-juvenil
856 _u000019/000019f4.jpg
040 _aBR-BrIDEA
_cBR-BrIDEA
090 _aP Year 4 028
_bHAR
245 1 0 _aO apanhador de sonhos
_cTroon Harrison; ilustrações de Ala, Lea Daniel; tradução de Gilda Aquino
260 _aSão Paulo
_bBrinque Book
_c1999
700 _aAquino, Gilda
_etradutor
_aAlan
_eilustrador
_aDaniel, Lea
_eilustrador
942 _cBK
999 _c110497
_d110497